[Event "AUT-ch U14 Girls"]
[Site "St Veit"]
[Date "2017.06.04"]
[Round "3.1"]
[White "Moerwald, Magdalena"]
[Black "Rigler, Caroline"]
[Result "1/2-1/2"]
[WhiteElo "1798"]
[BlackElo "1492"]
[PlyCount "66"]
[EventDate "2017.06.03"]
[EventType "swiss"]
[EventRounds "7"]
[EventCountry "AUT"]
[SourceTitle "EXT 2024"]
[Source "ChessBase"]
[SourceDate "2023.10.10"]
[SourceVersion "1"]
[SourceVersionDate "2023.10.10"]
[SourceQuality "1"]

1. e4 c5 2. Nf3 Nf6 3. Nc3 d5 4. exd5 Nxd5 5. Bb5+ Bd7 6. Bxd7+ Qxd7 7. 0-0 Nc6 8. Ne4 e6 9. b3 Be7 10. Bb2 Nf6 11. Ng3 Bd6 12. Qe2 Kf8 13. d3 Re8 14. Rfe1 e5 15. Ne4 Nd4 16. Qd1 h5 17. Nxd6 Qxd6 18. c3 Nxf3+ 19. Qxf3 Qd5 20. Qxd5 Nxd5 21. d4 cxd4 22. cxd4 e4 23. Ba3+ Kg8 24. Rac1 Rh6 25. Rc5 Nf4 26. Re5 Rhe6 27. Rxe6 Rxe6 28. Rd1 Ra6 29. Bc1 Nd3 30. d5 Rd6 31. Be3 a6 32. f3 f5 33. h3 Rxd5 1/2-1/2

[Event "AUT-ch U10 Girls"]
[Site "Velden"]
[Date "2014.06.21"]
[Round "6"]
[White "Dodu, Crina Karina"]
[Black "Rigler, Caroline"]
[Result "1/2-1/2"]
[WhiteElo "1169"]
[BlackElo "1425"]
[PlyCount "77"]
[EventDate "2014.06.20"]
[EventType "swiss"]
[EventRounds "7"]
[EventCountry "AUT"]
[SourceTitle "EXT 2016"]
[Source "ChessBase"]
[SourceDate "2015.10.08"]
[SourceVersion "1"]
[SourceVersionDate "2015.10.08"]
[SourceQuality "1"]

1. e4 c5 2. Nf3 d6 3. d4 cxd4 4. Nxd4 Nf6 5. Nc3 g6 6. Be3 Bg7 7. f3 a6 8. Qd2 Nbd7 9. 0-0-0 h5 10. h4 b5 11. Nb1 Bb7 12. g3 Rc8 13. Bd3 Ne5 14. f4 Nxd3+ 15. Qxd3 Bxe4 16. Qd2 Bxh1 17. Rxh1 Qc7 18. Re1 Ng4 19. Bg1 0-0 20. Nc3 e6 21. Nb3 Bxc3 22. bxc3 Qxc3 23. Qxc3 Rxc3 24. Kb2 Rfc8 25. Re2 e5 26. fxe5 dxe5 27. Bb6 e4 28. Ba5 R3c6 29. Rxe4 Rxc2+ 30. Ka3 R2c4 31. Re2 Ra4+ 32. Kb2 Nf6 33. Bc3 Nd5 34. Bd4 Rcc4 35. Re4 Nf6 36. Rf4 Nd5 37. Re4 Nf6 38. Rf4 Nd5 39. Re4 1/2-1/2

[Event "AUT-ch U10 Girls"]
[Site "Velden"]
[Date "2014.06.20"]
[Round "3"]
[White "Rigler, Caroline"]
[Black "Katter, Katharina"]
[Result "0-1"]
[WhiteElo "1425"]
[BlackElo "1233"]
[PlyCount "104"]
[EventDate "2014.06.20"]
[EventType "swiss"]
[EventRounds "7"]
[EventCountry "AUT"]
[SourceTitle "EXT 2016"]
[Source "ChessBase"]
[SourceDate "2015.10.08"]
[SourceVersion "1"]
[SourceVersionDate "2015.10.08"]
[SourceQuality "1"]

1. e4 e5 2. f4 exf4 3. Nf3 Be7 4. Bc4 Nf6 5. d3 d5 6. exd5 Nxd5 7. Nc3 Nxc3 8. bxc3 Bd6 9. 0-0 0-0 10. Rb1 Nc6 11. Ne1 Be5 12. d4 Bd6 13. Bxf4 Rb8 14. Nd3 Bf5 15. Bxd6 Bxd3 16. Bxc7 Bxc2 17. Bxd8 Bxd1 18. Rbxd1 Rbxd8 19. Rf3 Na5 20. Bb3 Nxb3 21. axb3 Rfe8 22. d5 f6 23. c4 Kf7 24. d6 Ke6 25. Re3+ Kd7 26. Rxe8 Rxe8 27. Kf2 b6 28. b4 Kc6 29. b5+ Kd7 30. Kf3 Re6 31. Kf4 Rxd6 32. Rd5 Ke6 33. Ke4 Ke7 34. Kf5 g6+ 35. Ke4 Re6+ 36. Kd4 Re2 37. c5 Rd2+ 38. Kc4 Rxd5 39. Kxd5 bxc5 40. Kxc5 Kd7 41. Kd5 f5 42. h3 g5 43. Ke5 f4 44. Kf5 h6 45. Kg6 Ke6 46. Kxh6 Kf5 47. Kh5 Kf6 48. Kg4 Kg6 49. Kf3 Kh5 50. g4+ Kg6 51. Ke4 Kf6 52. Kd5 f3 0-1

[Event "AUT-ch U12 Girls"]
[Site "Woerth"]
[Date "2014.06.09"]
[Round "6"]
[White "Nussbaumer, Alexa"]
[Black "Rigler, Caroline"]
[Result "1/2-1/2"]
[WhiteElo "1252"]
[BlackElo "1425"]
[PlyCount "127"]
[EventDate "2014.06.07"]
[EventType "swiss"]
[EventRounds "7"]
[EventCountry "AUT"]
[SourceTitle "EXT 2016"]
[Source "ChessBase"]
[SourceDate "2015.10.08"]
[SourceVersion "1"]
[SourceVersionDate "2015.10.08"]
[SourceQuality "1"]

1. e4 c5 2. Nf3 d6 3. d4 cxd4 4. Nxd4 Nf6 5. Nc3 g6 6. Bc4 Bg7 7. 0-0 0-0 8. Re1 a6 9. Bg5 b5 10. Bb3 Nbd7 11. Bxf6 Bxf6 12. Bd5 Ra7 13. Nc6 Qb6 14. Nxa7 Qxa7 15. h3 Nb6 16. Qf3 Bd7 17. Rad1 Rc8 18. Bb3 Bc6 19. Qg3 Bxc3 20. bxc3 Nd7 21. c4 b4 22. Qg4 a5 23. a4 bxa3 24. Qg3 Nc5 25. Ba2 Rb8 26. Qxa3 Nxe4 27. Qe3 Qxe3 28. Rxe3 Rb2 29. Ra1 Rxc2 30. Bb3 Rb2 31. Rxa5 Rb1+ 32. Kh2 Nxf2 33. Ra6 Bb7 34. Rb6 Be4 35. Re2 Rf1 36. Kg3 Nh1+ 37. Kh2 Nf2 38. Rb8+ Kg7 39. Kg3 Nh1+ 40. Kh2 Nf2 41. Bc2 Bxc2 42. Rxc2 Ne4 43. g4 Rf2+ 44. Rxf2 Nxf2 45. Kg3 Ne4+ 46. Kh2 Nd2 47. Rc8 e5 48. c5 dxc5 49. Rxc5 e4 50. Rc2 e3 51. Rc1 Kf6 52. Kg2 Ke5 53. Re1 Ke4 54. Kg3 f5 55. gxf5 gxf5 56. Rg1 e2 57. Kf2 Kd3 58. Ra1 Ne4+ 59. Kf3 Nc3 60. h4 Kd2 61. Kf2 f4 62. h5 h6 63. Rh1 f3 64. Kxf3 1/2-1/2

[Event "AUT-ch U12 Girls"]
[Site "Woerth"]
[Date "2014.06.07"]
[Round "2"]
[White "Haidenberger, Flora"]
[Black "Rigler, Caroline"]
[Result "1/2-1/2"]
[WhiteElo "1199"]
[BlackElo "1425"]
[PlyCount "133"]
[EventDate "2014.06.07"]
[EventType "swiss"]
[EventRounds "7"]
[EventCountry "AUT"]
[SourceTitle "EXT 2016"]
[Source "ChessBase"]
[SourceDate "2015.10.08"]
[SourceVersion "1"]
[SourceVersionDate "2015.10.08"]
[SourceQuality "1"]

1. e4 c5 2. Nf3 d6 3. d4 cxd4 4. Nxd4 Nf6 5. Nc3 g6 6. Be3 Bg7 7. f3 a6 8. Qd2 Nbd7 9. 0-0-0 b5 10. Bh6 0-0 11. Nc6 Qe8 12. Bxg7 Kxg7 13. Nd5 Nxd5 14. exd5 Bb7 15. g4 Bxc6 16. dxc6 Ne5 17. f4 Nxg4 18. f5 h6 19. fxg6 fxg6 20. Rg1 Ne5 21. Bg2 Nxc6 22. Qc3+ Ne5 23. Bxa8 Qxa8 24. Qc7 Qd8 25. Qc3 Qb6 26. Rde1 b4 27. Qg3 Rf6 28. Rgf1 Rxf1 29. Rxf1 Qb5 30. Rg1 Qe2 31. h3 Qf3 32. Qxf3 Nxf3 33. Rf1 Nd4 34. Kd2 e5 35. Kd3 d5 36. c4 bxc3 37. bxc3 Nf5 38. Rf2 Kf6 39. c4 Ke6 40. Rb2 e4+ 41. Ke2 dxc4 42. Rb6+ Kd5 43. Rb1 e3 44. Rd1+ Ke4 45. Rc1 Ng3+ 46. Ke1 Kd3 47. Rd1+ Kc2 48. Rd4 c3 49. Rg4 Kb2 50. Rxg3 c2 51. Rg2 Kb1 52. Rxc2 Kxc2 53. Ke2 Kb2 54. Kxe3 Kxa2 55. Ke4 Kb2 56. Ke5 a5 57. Kf6 a4 58. Kxg6 a3 59. Kxh6 a2 60. h4 a1Q 61. h5 Qg1 62. Kh7 Kc3 63. h6 Kc4 64. Kh8 Qd4+ 65. Kg8 Qg4+ 66. Kh8 Kd5 67. h7 1/2-1/2

[Event "AUT-ch U12 Girls"]
[Site "Woerth"]
[Date "2014.06.07"]
[Round "1"]
[White "Rigler, Caroline"]
[Black "Grabler, Chantal"]
[Result "1-0"]
[WhiteElo "1425"]
[BlackElo "992"]
[PlyCount "29"]
[EventDate "2014.06.07"]
[EventType "swiss"]
[EventRounds "7"]
[EventCountry "AUT"]
[SourceTitle "EXT 2016"]
[Source "ChessBase"]
[SourceDate "2015.10.08"]
[SourceVersion "1"]
[SourceVersionDate "2015.10.08"]
[SourceQuality "1"]

1. e4 e5 2. Nf3 Nc6 3. Bc4 Bc5 4. d3 Nf6 5. Nc3 d6 6. Bg5 Bg4 7. h3 Be6 8. Bb3 0-0 9. Nd5 h6 10. Nxf6+ gxf6 11. Bxh6 Re8 12. Nh4 Na5 13. Bxe6 fxe6 14. Qg4+ Kf7 15. Qg7# 1-0

[Event "AUT-ch U10 Girls"]
[Site "Linz"]
[Date "2013.05.31"]
[Round "3"]
[White "Rigler, Caroline"]
[Black "Maderegger, Melanie"]
[Result "0-1"]
[WhiteElo "1087"]
[BlackElo "1209"]
[PlyCount "114"]
[EventDate "2013.05.31"]
[EventType "swiss"]
[EventRounds "7"]
[EventCountry "AUT"]
[SourceTitle "EXT 2015"]
[Source "ChessBase"]
[SourceDate "2014.11.20"]
[SourceVersion "1"]
[SourceVersionDate "2014.11.20"]
[SourceQuality "1"]

1. e4 e5 2. f4 exf4 3. Nf3 Nf6 4. Nc3 Bc5 5. d4 Bb4 6. Bxf4 Nxe4 7. Qe2 d5 8. Nd2 Bf5 9. Qe3 0-0 10. Ndxe4 Bxe4 11. Bd3 Bxg2 12. Qg3 Re8+ 13. Kd2 Bd6 14. Qxg2 Bxf4+ 15. Kd1 Nc6 16. Rg1 g6 17. Qg4 Bxh2 18. Rg2 Qe7 19. Qe2 Nxd4 20. Nxd5 Qxe2+ 21. Bxe2 Nxe2 22. Nf6+ Kf8 23. Nxe8 Rxe8 24. Rxe2 Rd8+ 25. Ke1 Bg3+ 26. Kf1 Rd5 27. Kg2 Rg5 28. Kf3 h5 29. Rg1 h4 30. Reg2 Rf5+ 31. Kg4 Rf4+ 32. Kh3 Rf3 33. Kg4 Re3 34. c4 f5+ 35. Kg5 Kg7 36. b4 f4 37. Kg4 Kh6 38. Rxg3 fxg3 39. Kxh4 Re4+ 40. Kh3 Rxc4 41. Rxg3 Rxb4 42. Kg2 Rb2+ 43. Kf3 Rxa2 44. Rh3+ Kg7 45. Kf4 b5 46. Rd3 Ra4+ 47. Ke3 b4 48. Rd7+ Kh6 49. Rxc7 b3 50. Rc1 b2 51. Rb1 Ra3+ 52. Kd4 Ra2 53. Kc3 g5 54. Rxb2 Rxb2 55. Kxb2 g4 56. Kc2 g3 57. Kd2 g2 0-1

[Event "AUT-ch U08 Girls"]
[Site "Schladming"]
[Date "2012.06.08"]
[Round "1.2"]
[White "Mostoegl, Chiara Marika"]
[Black "Rigler, Caroline"]
[Result "0-1"]
[WhiteElo "853"]
[BlackElo "1048"]
[PlyCount "74"]
[EventDate "2012.06.08"]
[EventType "swiss"]
[EventRounds "7"]
[EventCountry "AUT"]
[SourceTitle "EXT 2024"]
[Source "ChessBase"]
[SourceDate "2023.10.10"]
[SourceVersion "1"]
[SourceVersionDate "2023.10.10"]
[SourceQuality "1"]

1. e4 c5 2. d4 Nf6 3. Nf3 e6 4. dxc5 Bxc5 5. Bg5 h6 6. Bh4 Qa5+ 7. Nbd2 Nxe4 8. b4 Qxb4 9. a3 Qa5 10. c3 Qxc3 11. Rc1 Qa5 12. Rc3 Nxc3 13. Qc2 Qxa3 14. Qd3 Qa1+ 15. Nb1 Nxb1 16. Qd1 Bb4+ 17. Nd2 Bxd2+ 18. Qxd2 Nxd2+ 19. Kxd2 Qd4+ 20. Bd3 Qxh4 21. g3 Qb4+ 22. Ke3 Nc6 23. f3 Qd4+ 24. Kd2 Nb4 25. Re1 Nxd3 26. Re4 Qd5 27. Re3 Nb4+ 28. Rd3 Nxd3 29. f4 Nxf4+ 30. Ke3 Ng2+ 31. Kf2 a5 32. g4 Ra6 33. h4 Rb6 34. g5 Rb2+ 35. Kg3 Qd3+ 36. Kh2 Nf4+ 37. Kg1 Qd1# 0-1

[Event "AUT-ch U08 Girls"]
[Site "Schladming"]
[Date "2012.06.08"]
[Round "2.2"]
[White "Rigler, Caroline"]
[Black "Dodu, Crina Karina"]
[Result "0-1"]
[WhiteElo "1048"]
[BlackElo "1025"]
[PlyCount "56"]
[EventDate "2012.06.08"]
[EventType "swiss"]
[EventRounds "7"]
[EventCountry "AUT"]
[SourceTitle "EXT 2024"]
[Source "ChessBase"]
[SourceDate "2023.10.10"]
[SourceVersion "1"]
[SourceVersionDate "2023.10.10"]
[SourceQuality "1"]

1. e4 e5 2. Nf3 Nc6 3. Bc4 Bc5 4. Nc3 Nf6 5. d3 h6 6. Be3 Bb6 7. Qd2 0-0 8. 0-0-0 d6 9. Bxb6 axb6 10. Kb1 Bg4 11. h3 Bxf3 12. gxf3 Nd4 13. Qe3 Nd7 14. Rdg1 Qf6 15. Rg3 Nc5 16. Nd5 Qh4 17. Nxc7 Ra7 18. Rhg1 g6 19. Rg4 Qxh3 20. R4g3 Qh4 21. Nb5 Ra5 22. Nxd6 Kh7 23. Nxf7 Qf6 24. Ng5+ hxg5 25. Rxg5 Qc6 26. Rh1+ Kg7 27. Qe1 Qa4 28. Kc1 Qxc2# 0-1